| 000 | 01857 a2200253 4500 | ||
|---|---|---|---|
| 999 |
_c443302 _d443302 |
||
| 003 | UA-OsUOA | ||
| 005 | 20200115114357.0 | ||
| 008 | 191211b un ||||| |||| 00| 0 ukr d | ||
| 020 | _a9667060152 | ||
| 040 |
_aUA-OsUOA _bukr _cUA-OsUOA _dUA-OsUOA |
||
| 041 | _aukr | ||
| 080 | _a94(477).09 | ||
| 090 |
_a94(477).09 _bС32 |
||
| 100 | _aСергійчук В. | ||
| 245 |
_aДепортація поляків з України : невідомі документи про насильницьке переселення більшовицькою владою польського населення з УРСР в Польщу в 1944–1946 роках _cВ. Сергійчук |
||
| 260 |
_c1999 _aКиїв |
||
| 300 | _a192 с. | ||
| 520 | _aДослідження українського історика присвячене трагічній сторінці в історії польського етносу в Україні. Представників цього сусіднього нам народу, котрі вже багато століть проживали в середовищі автохтонних українців, комуністичні режими СРСР та повоєнної Польщі примусово виселили із західноукраїнських земель. Праця нагадує про злочини комуністичної влади, закликає пам'ятати трагедію депортованих поляків України. | ||
| 650 | _a94(477).09 Україна в роки другої світової війни (1939-1945) | ||
| 700 | 1 | _aСергійчук В. | |
| 942 |
_cBK _2udc |
||
| 955 | _a1 | ||